| 000 | 00657nam a2200253Ia 4500 | ||
|---|---|---|---|
| 003 | OSt | ||
| 005 | 20220924125940.0 | ||
| 006 | a|||||r|||| 00| 0 | ||
| 007 | ta | ||
| 008 | 220923b |||||||| |||| 00| 0 per d | ||
| 020 | _c65 | ||
| 024 | _a325155 | ||
| 037 | _cTextual | ||
| 040 |
_aARTS _cARTS _bper |
||
| 041 |
_2per _aper |
||
| 082 | _aM31.45, 164L8 | ||
| 100 |
_aAfshar Iraj Au. _91156 |
||
| 245 | 0 | _aAashepzi az daurah-e-safvi | |
| 260 |
_aTehran _bKhiyaban Iran _c1978 |
||
| 300 |
_a284p. _ccm. |
||
| 650 | _aINDUSTRIAL ARTS | ||
| 942 |
_hM31.45, 164L8 _cTEXL _2CC |
||
| 999 |
_c423753 _d423753 |
||